|
|
|
|
| LEADER |
01523nam a22004452a 4500 |
| 001 |
000141339 |
| 003 |
CZ BrMZK |
| 005 |
20180305121313.0 |
| 007 |
ta |
| 008 |
950101s1968 xr e dcze d |
| 015 |
|
|
|a cnb000452064
|
| 020 |
|
|
|q (Brož.)
|
| 035 |
|
|
|a (OCoLC)42130418
|
| 040 |
|
|
|a ABA001
|b cze
|c ABA001
|d ABA001
|d BOA001
|
| 043 |
|
|
|a e-xr---
|
| 045 |
|
|
|a w7x6
|
| 072 |
|
7 |
|a 821.162.3.09
|x Česká literatura (o ní)
|2 Konspekt
|9 11
|
| 080 |
|
|
|a 272-722.53
|2 MRF
|
| 080 |
|
|
|a 821.162.3-051
|2 MRF
|
| 080 |
|
|
|a 821.162.3
|2 MRF
|
| 080 |
|
|
|a (437.3)
|2 MRF
|
| 080 |
|
|
|a (082)
|2 MRF
|
| 080 |
|
|
|a (082.2)
|2 MRF
|
| 245 |
0 |
0 |
|a Básníku Jakubu Demlovi k devadesátinám :
|b [sborník /
|c redakce Alois Mikyska]
|
| 260 |
|
|
|a V Třebíči :
|b OV - ČSL,
|c 1968
|
| 300 |
|
|
|a [16] s. ;
|c 22 cm
|
| 500 |
|
|
|a Název z obálky
|
| 600 |
1 |
7 |
|a Deml, Jakub,
|d 1878-1961
|7 jk01022199
|2 czenas
|
| 648 |
|
4 |
|a 1878-1961
|
| 648 |
|
7 |
|a 19.-20. století
|7 ch757015
|2 czenas
|
| 650 |
0 |
7 |
|a katoličtí kněží
|7 ph114899
|z Česko
|y 19.-20. století
|2 czenas
|
| 650 |
0 |
7 |
|a čeští spisovatelé
|7 ph128175
|y 19.-20. století
|2 czenas
|
| 650 |
0 |
7 |
|a česká literatura
|7 ph116858
|y 19.-20. století
|2 czenas
|
| 655 |
|
7 |
|a sborníky
|7 fd163935
|2 czenas
|
| 655 |
|
7 |
|a jubilejní publikace
|7 fd131839
|2 czenas
|
| 700 |
1 |
|
|a Mikyska, Alois,
|d 1918-1988
|7 jk01081661
|4 edt
|
| 910 |
|
|
|a BOA001
|b X-0611.228
|
| 990 |
|
|
|a BK
|
| 991 |
|
|
|b 201711
|
| 996 |
6 |
|
|b 2619952274
|c X-0611.228
|l MZK
|r Sklad / do 24 hodin
|n 6
|w 000141339
|u 000010
|a 1
|e BOA001
|j MZK50
|s P
|